[Event "Karpov-Piket Match"]
[Site "Monte Carlo"]
[Date "1999.03.02"]
[Round "8"]
[White "Karpov, Anatoly"]
[Black "Piket, Jeroen"]
[Result "1/2-1/2"]
[WhiteElo "2710"]
[BlackElo "2619"]
[Annotator "Wells,P"]
[PlyCount "76"]
[EventDate "1999.02.21"]
[EventType "match"]
[EventRounds "8"]
[EventCountry "MNC"]
[SourceTitle "CBM 070"]
[Source "ChessBase"]
[SourceDate "1999.06.08"]
[SourceVersion "1"]
[SourceVersionDate "1999.06.08"]
[SourceQuality "1"]

1. d4 {Piket} Nf6 2. c4 e6 3. Nc3 Bb4 4. e3 O-O 5. Nge2 d5 6. a3 Be7 7. cxd5
exd5 8. g3 c6 9. Bg2 Na6 (9... Bf5 10. O-O Qd7 11. f3 h5 $5 12. e4 dxe4 13.
fxe4 Bg4 14. Be3 Nh7 {[%cal Gh5h4,Gh7g5]} 15. Qe1 Ng5 16. Nf4 Na6 17. Kh1 Nc7
18. Qf2 Bf6 19. Rac1 $14 {1-0 Gurevich,M-Cekro,E/Deutschland 1996/(36).}) 10.
Bd2 $6 $146 {A new move, but not a particularly promising one. For sure this
move crops up in the main line too, but to play it already here is rather
inflexible.} (10. O-O Nc7 11. b4 (11. f3 $5 {is the most direct, since it can
prepare either play in the centre with e3-e4, or a king-side expansion
starting g3-g4. The drawback is that after ...c7-c5 black can hope to show
that e3 is a weakness.} c5 (11... a5 12. Bd2 Nfe8 13. Qc2 b5 14. Rad1 Ba6 15.
Rfe1 Ne6 16. Bc1 Rc8 17. Kh1 b4 18. axb4 axb4 19. Na4 b3 20. Qb1 (20. Qxb3 $5
Rb8 21. Qc2 Bc4 22. Rd2) 20... Qa5 21. Nac3 Bb4 22. e4 Nd6 $132 {0-1
Summerscale,A-Aagaard,J/London 1997/CBM 60 (39)}) 12. dxc5 $5 (12. Bd2 b6 13.
Be1 Re8 14. Qd2 Ba6 15. Bf2 cxd4 16. exd4 Bd6 $11 {1-0 Gyimesi,Z-Epishin,V/
Parnu 1996/CBM 52 (45)}) 12... Bxc5 13. b4 Bd6 14. Qd3 Re8 15. Rd1 Qe7 16. Nd4
Bd7 17. Bd2 Rac8 {and it is hard to believe that black should not have enough
play to maintain the balance given the weakness of e3. 1-0 Saidy,A-Unzicker,W/
Venice 1969/EXT 99 (41)}) (11. Nf4 a6 $1 12. Nd3 Nb5 13. Ne5 Re8 14. a4 Nd6 15.
b4 Be6 16. a5 Nde4 {with very comfortable play for black0-1 Guliev,S-Timman,J/
Pula 1997/Inf 69 (75)}) 11... Re8 (11... a5 12. bxa5 Rxa5 13. a4) 12. f3 a5 13.
Rb1 axb4 14. axb4 Be6 15. Qc2 Qd7 16. g4 {typical for this line, white has
aspirations to expand on both wings.} h5 $1 17. h3 hxg4 18. fxg4 (18. hxg4 Nh7
$132) 18... Nh7 19. Na4 Qd8 20. Nc5 Bc8 $13 {1-0 Christiansen,L-Kavalek,L/Los
Angeles (m/1) 1987 (47). White is active, but has his weaknesses too.}) 10...
Nc7 11. Qc2 (11. O-O Bf5 12. f3 h5 $5) (11. b4 $5 {Piket}) 11... g6 12. f3 (12.
h3 $5 {Piket} Bf5 13. Qb3 Rb8 14. g4) 12... Ne6 {'!' Piket.} 13. Na4 Re8 14.
O-O a5 (14... b6 $2 {Piket} 15. Qxc6 Ba6 16. Nac3 Rc8 17. Qa4) 15. Kh1 b5 $1
16. Nac3 {After this white has a passive position but the problem is that after
} (16. Nc5 Nxc5 17. dxc5 Nd7 {white can only defend c5 at the expense of
weakening the c4 square.} (17... Bf5 $6 18. Qc3 Nd7 (18... b4 19. axb4 axb4 20.
Qd4 (20. Qxb4 Bd3 21. Rxa8 Qxa8 22. Re1 Bxe2 23. Rxe2 Nd7) 20... b3 $132) 19.
Nd4 Bf6 $13 (19... Bf6 {Piket} 20. g4 Be6 $13)) 18. Nd4 Qc7 $1 19. b4 axb4 20.
axb4 Rxa1 21. Rxa1 Ne5 $132 {[%csl Gc4][%cal Ye5c4]}) 16... Ba6 17. Rfe1 c5 18.
dxc5 Bxc5 {'=/+' Piket.} 19. b4 $6 {'!?' Piket. Having got nothing out of the
opening, Karpov aims to liquidate the queenside. Without this move white looks
rather passive, but as we shall see in the next note there are definite
tactical difficulties to take into account.} axb4 20. axb4 Bxb4 21. Reb1 (21.
Rab1 {Piket} Bc5 22. Nxb5 Bxb5 23. Rxb5 d4 24. exd4 Nxd4 25. Nxd4 Rxe1+ 26.
Bxe1 Ra1 $15) 21... Bc5 $6 {Natural enough to target the weak e3 pawn, but it
would have been much more testing to keep the c5 square free for the knight,
and emphasise that, after recovering his pawn white's pieces are quite
awkwardly placed.} (21... Bf8 $1 {[%cal Ge6c5]} 22. Nxb5 Bxb5 23. Rxa8 Qxa8 24.
Rxb5 Qa6 $1 {[%csl Re2][%cal Ya6e2]} 25. Nc3 $5 (25. Qd3 Rb8 (25... Nc5 $6 26.
Qb1) 26. Rb3 Qxd3 $1 (26... Qa1+ 27. Bc1 Nc5 28. Ra3 Nxd3 29. Rxa1 Rb3 (29...
Rc8 $5 {[%csl Rc1,Yc2,Re2]} 30. Kg1 Rc2 31. Kf1 Bc5 $15) 30. e4 $6 dxe4 31.
fxe4 Nxe4 {also gives serious winning chances.}) 27. Rxd3 Nc5 28. Rd4 (28. Ra3
Rb2) 28... Rb1+ 29. Ng1 Nb3 30. Rd3 Bh6 $17 {[%csl Re3,Rg1]}) (25. Qb2 $2 Nc7
$19) 25... d4 26. Qa2 $8 (26. Qa4 {Piket} Qxa4 27. Nxa4 Ra8) 26... Qxa2 27.
Nxa2 Bh6 28. f4 dxe3 29. Bxe3 Nxf4 30. Bxf4 Bxf4 31. Bf3 {and white can look
forward to a prolonged period of defence.}) 22. Nxb5 Bxb5 (22... Qd7 {Piket}
23. Nbd4 Nxd4 24. Nxd4 Bxd4 25. exd4 Rac8 $11) 23. Rxa8 Qxa8 24. Rxb5 Qa7 25.
Qc3 Qa6 (25... d4 {Piket} 26. exd4 Nxd4 27. Rxc5 Nxe2 28. Qa5 Qxa5 (28... Qd7)
29. Rxa5 Rd8 30. Ra2 $14) 26. Qd3 Ba7 (26... Nc7 {Piket}) 27. Rb3 Qa4 (27...
Qxd3 $5 28. Rxd3 Rb8 {looks very safe. Black's activity compensates the bishop
pair.}) (27... Qxd3 {Piket}) 28. Rb1 Rd8 $6 29. Bc3 {[%cal Yc3f6,Yb1a1,Ya1a7]}
d4 $5 {suddenly this pawn offer is probably the best way to nip white's
potential pressure in the bud.} 30. exd4 Nd5 (30... Nxd4 31. Ra1 (31. Rb4 $2
Qc2 $1) 31... Qd7 32. Rxa7 $16) (30... Bxd4 31. Nxd4 Nxd4 32. Ra1 Qb3 33. Rb1
Qd5 $14) 31. Ra1 Qd7 32. Ba5 Re8 33. f4 $6 (33. Bd2 $14) (33. Bd2 $1 {Piket})
33... Ne3 $1 34. Bf3 (34. Qxe3 {Piket} Nxd4) 34... Nxd4 35. Bc3 Ng4 $2 {
'(+)?!' Piket. Time-trouble I suppose, to end a match in which somehow errors
did not translate into decisive results!} (35... Qf5 $8 36. Qxf5 Nexf5 $11) (
35... Qf5 $1 $11 {Piket}) 36. Kg2 $2 {'(+)?' Piket.} (36. Rxa7 $1 $16) (36.
Rxa7 {Piket} Nf2+ 37. Kg2 Qxa7 38. Qxd4 Qxd4 39. Nxd4 Nd3 $16) 36... Ne3+ 37.
Kh1 Ng4 $2 38. Kg2 $2 {Piket: 'Repetition of bad moves!'} (38. Rxa7 {Piket}
Nf2+ 39. Kg2 Qh3+ (39... Qxa7 40. Qxd4 Qxd4) 40. Kxf2 Qxh2+ 41. Kf1) 38... Ne3+
{and so the traditional result is achieved.} 1/2-1/2

[Event "Hoogeveen Essent op"]
[Site "Hoogeveen"]
[Date "2000.10.16"]
[Round "4"]
[White "Epishin, Vladimir"]
[Black "Werle, Jan"]
[Result "1-0"]
[WhiteElo "2567"]
[BlackElo "2311"]
[Annotator "Werle,J"]
[PlyCount "77"]
[EventDate "2000.10.13"]
[EventType "swiss"]
[EventRounds "9"]
[EventCountry "NED"]
[SourceTitle "CBM 078 Extra"]
[Source "ChessBase"]
[SourceDate "2000.11.10"]
[SourceVersion "1"]
[SourceVersionDate "2000.11.10"]
[SourceQuality "1"]

1. d4 Nf6 2. c4 e6 3. Nc3 Bb4 4. e3 O-O 5. Nge2 d5 6. a3 Be7 7. Nf4 b6 (7... c6
8. Be2 Nbd7 9. O-O (9. b3 b6 10. Bb2 Bb7 11. O-O Rc8 12. Bd3 Bd6 13. Nh5 Nxh5
14. Qxh5 f5 15. cxd5 cxd5 16. f4 {1/2-1/2 Zaja,I-Lutz,C/Solin 1996/EXT 99 (16)}
) 9... dxc4 10. Bxc4 e5 11. Nfe2 exd4 12. exd4 Nb6 13. Bd3 Bg4 14. h3 Bh5 15.
f4 Bxe2 16. Nxe2 Re8 17. f5 Nfd5 18. Rf3 Bg5 19. Bxg5 Qxg5 20. Rg3 Qh6 21. Qc1
Re3 22. Rxe3 Nxe3 23. Ng3 Nbd5 24. Ne4 Re8 25. Qc5 Nf4 26. Qd6 Qh4 27. Bf1 Nxf1
28. Rxf1 Ne2+ 29. Kh2 Qxe4 30. Re1 h5 {0-1 Hoefer,D-Schlosser,P/Baden-Baden
1993/TD (30)}) 8. Be2 Bb7 9. O-O Nbd7 10. Qc2 (10. cxd5) 10... c6 11. b4 (11.
Rd1 a5 12. cxd5 exd5 (12... Nxd5 $2 13. e4) 13. Rb1 Bd6 14. b4 axb4 15. axb4 b5
16. Nd3 Nb6 17. Nc5 Bc8 $11) 11... dxc4 12. Bxc4 e5 13. dxe5 Nxe5 14. Bb3 a5
15. bxa5 (15. Rd1 Qb8 16. b5 $6 cxb5 17. Nxb5 Rc8 18. Qe2 (18. Qf5 $2 Rc5)
18... a4 19. Nd5 Nxd5 20. Bxd5 Ra5 21. Bxb7 Qxb7 22. Nd6 Bxd6 23. Rxd6 Rac5 $15
) 15... Rxa5 16. Rd1 Qb8 17. Bb2 Rc5 $1 18. Rd4 $1 Ba6 19. Rad1 (19. a4 $5 Nc4
20. Bxc4 Rxc4 21. Rxc4 Bxc4 22. Ne4 b5 23. Nxf6+ Bxf6 24. Bxf6 gxf6 25. axb5 (
25. a5 $6 Qe5 26. Rd1 Ra8 $11) 25... cxb5 $14) 19... Bc4 20. a4 (20. Bxc4 $6
Rxc4 21. Rxc4 Nxc4 $15) 20... b5 $1 $11 21. Bxc4 Rxc4 22. Rxc4 Nxc4 23. axb5
cxb5 24. Ncd5 Nxd5 25. Nxd5 Bd6 26. g3 Nxb2 $1 (26... Qb7 $6 27. Qe4 Rb8 28.
Bc3 $14) 27. Qxb2 b4 28. Qb3 (28. Rb1 Qa7 29. Qd2 Rb8 30. Nf6+ (30. Nxb4 $4 Qe7
$19) 30... gxf6 31. Qxd6 Qb6 $11) 28... Rc8 29. e4 Bf8 30. Kg2 (30. Nf6+ $4
gxf6 31. Rd7 Rc1+ 32. Kg2 Qe8 $19) 30... Qe5 31. f3 Ra8 32. Qc2 h6 {If I
wanted to , I could have drawn with:32...Rb8 33.Qb3 (33.Tb1?! Dd4) Ra3 34.Qc2=}
33. Nb6 Ra3 $1 {with the idea: b4-b3} 34. Rd8 $4 $138 Rc3 $4 $138 (34... b3 $1
35. Qf2 (35. Rxf8+ Kh7 36. Qf2 Ra2 $19) 35... Ra2 36. Rd2 Bc5 $19) 35. Qa4 Qc5
$2 (35... Ra3 36. Nc4 (36. Qc2 $2 b3 $19) (36. Qxb4 $2 Ra2+ 37. Rd2 Qa1 $1 $19)
36... Qe7 37. Qd1 Ra2+ 38. Kh1 $15) 36. Nd5 Rc2+ $2 (36... Ra3 37. Qxb4 Qxb4
38. Nxb4 $16) 37. Kh3 $18 g6 38. Qe8 Kg7 39. Rd7 1-0

[Event "Reggio Emilia 9697 39th"]
[Site "Reggio Emilia"]
[Date "1996.12.28"]
[Round "3"]
[White "Efimov, Igor"]
[Black "Komarov, Dimitri"]
[Result "1/2-1/2"]
[WhiteElo "2510"]
[BlackElo "2595"]
[Annotator "Yudasin,L"]
[PlyCount "120"]
[EventDate "1996.12.26"]
[EventType "tourn"]
[EventRounds "9"]
[EventCountry "ITA"]
[EventCategory "11"]
[SourceTitle "CBM 057"]
[Source "ChessBase"]
[SourceDate "1997.04.01"]
[SourceVersion "1"]
[SourceVersionDate "1997.04.01"]
[SourceQuality "1"]

1. d4 Nf6 2. c4 e6 3. Nc3 Bb4 4. e3 O-O 5. Nge2 d5 6. a3 Be7 (6... Bd6 $5 7. c5
Be7 8. b4 b6 $13) 7. cxd5 Nxd5 8. Nxd5 exd5 9. g3 (9. Nc3 c6 (9... Be6 10. Bd3
(10. g3 Nd7) 10... c5) 10. Bd3 Nd7 11. O-O Nf6 (11... Re8 12. f3 Nf8 $13) 12.
f3 Be6 $13) 9... a5 $5 10. Bg2 c6 11. O-O Nd7 (11... Bf5 12. f3 Qd7 13. g4 Bg6
14. Nf4 $14) 12. Qc2 Nf6 13. Bd2 (13. f3 c5 $5 14. dxc5 Qc7) 13... Re8 14. f3
Bf8 15. Rae1 (15. e4 dxe4 16. fxe4 c5 17. Bg5 (17. d5 Nxd5) (17. dxc5 Qe7)
17... cxd4 $1 $13 (17... Be7)) 15... Qb6 16. Kh1 (16. e4 c5 $1 17. e5 $2 cxd4)
16... c5 17. Rc1 cxd4 18. Nxd4 Bd7 $11 19. Rfe1 (19. g4 h6) 19... Rac8 20. Bc3
Qa7 $6 (20... h5 $5 {with g6 and Bh6}) 21. Qd2 a4 22. Bf1 $14 Bc5 23. g4 $1 {
with the plan Bd3-Qg2-g5 and attacking on the king's side} Re7 24. Bd3 Ne8 (
24... h6 $5) (24... Qb8) 25. Qf2 h6 26. Qh4 (26. h4 {with Rg1 and g5}) 26...
Rxe3 $5 27. Rxe3 Bxd4 28. Re2 $8 Bf6 29. Qe1 Bc6 (29... d4 $2 30. Bxd4 $1 $16)
30. Bxf6 Nxf6 $44 {d4;Qd4} 31. Re7 $1 {h4-g5} Qb6 32. Qb4 $1 Qd8 33. Bf5 d4 $6
(33... Rb8 34. Rd1 d4 $1 {[%cal Gf6d5]}) 34. Bxc8 Qxc8 35. Kg1 $1 Nd5 $8 36.
Qd6 Nxe7 37. Qxe7 $14 Qb8 38. Rd1 $1 Qf4 $1 (38... Bxf3 39. Rxd4 Qa7 40. Qe3
Kh7 41. Kf2 $16) 39. Qd8+ Kh7 40. Qxd4 Qxf3 41. Qd3+ Qxd3 42. Rxd3 Kg6 43. Kf2
(43. h4 h5 44. g5 Kf5 45. Kf2 f6 46. Rg3 Kf4 $14) 43... h5 44. Kg3 (44. h3 hxg4
45. hxg4 Kg5 46. Kg3 g6 {with f5+/=}) 44... hxg4 45. Kxg4 Kf6 46. h4 Ke5 $1 47.
h5 f5+ $1 {Xh5,getting some chances through the "f" pawn will save black} 48.
Kh4 (48. Kg5 f4 {followed by f3 and the advance of the king}) 48... f4 49. Rd8
(49. Kg4 f3) 49... f3 50. Rf8 {threateing Rf7} Bd5 $1 {[%cal Gd5f7] Xf7} 51.
Kg3 Ke6 52. Rf4 Bc6 $8 53. Kf2 (53. Rg4 Kf6 54. Rg6+ Kf7 {Bd5-Bc6...}) 53...
Ke7 54. Ke3 Ke6 55. Kf2 (55. Kd4 Bd5 56. Kc5 $2 Ke5 {[%cal Gd5e4,Ge4f5,Rf8f1]})
55... Ke7 56. Kg3 Ke6 57. Kg4 Ke5 58. Kg5 (58. Rf7 Ke6) (58. Rf5+ Ke6 59. Kg5
Be4) 58... Be4 59. Kg4 (59. Rf7 Kd4 {[%cal Gd4e3,Gf3f2]}) 59... Bc6 60. Kg3 Ke6
$11 1/2-1/2

[Event "Dresden ZMD op"]
[Site "Dresden"]
[Date "2015.08.20"]
[Round "6"]
[White "Zakhartsov, Viacheslav V"]
[Black "Osmanodja, Filiz"]
[Result "1-0"]
[WhiteElo "2552"]
[BlackElo "2302"]
[Annotator "Zakhartsov,Vi"]
[PlyCount "79"]
[EventDate "2015.08.15"]
[EventType "swiss"]
[EventRounds "9"]
[EventCountry "GER"]
[SourceTitle "EXT 2017"]
[Source "ChessBase"]
[SourceDate "2016.10.25"]
[SourceVersion "1"]
[SourceVersionDate "2016.10.25"]
[SourceQuality "1"]

1. d4 Nf6 2. c4 e6 3. Nc3 Bb4 4. e3 O-O 5. Nge2 d5 6. a3 Be7 7. cxd5 exd5 8.
Nf4 c6 9. Bd3 Nbd7 10. O-O Re8 11. b4 (11. f3) 11... a6 12. f3 Nf8 13. Bc2 b6
14. Kh1 $6 {Hesitancy. Just in case I have decided to avoid in future checks
on g1-a7 diagonal.} ({I should push immediately:} 14. e4 dxe4 15. fxe4 c5 16.
bxc5 bxc5 17. e5 Bg4 (17... cxd4 18. exf6 Bxf6 19. Ncd5 d3 20. Nxf6+ Qxf6 21.
Bb3 $1 Qxa1 22. Bxf7+ Kxf7 23. Qb3+ {, winning}) (17... Ng4 18. Ba4 (18. Bb3 $2
Qxd4+ 19. Qxd4 cxd4) 18... Bd7 19. Bb3 $1 {(I have missed this strong retreat
in my calculations; now Bxf7 is the threat)} Nh6 20. Nh5 {with the idea} Bg4 $2
21. Bxh6 Bxd1 22. Bxf7+ Kh8 23. Bxg7#) 18. Qd3 N6d7 19. Bb3 Be6 20. Nxe6 fxe6
21. Qg3 Kh8 22. Be3 {with White's initiative.}) 14... Ne6 15. e4 dxe4 16. Nxe6
Bxe6 17. fxe4 c5 18. bxc5 bxc5 19. d5 (19. Ba4 $6 cxd4 20. Bxe8 dxc3 21. Ba4
Qxd1 22. Bxd1 Nxe4 {, and Black is better}) (19. e5 Nd5 20. Qd3 g6 21. dxc5
Bxc5 22. Ne4 Be7 {with roughly equal chances}) 19... Bg4 20. Qd3 Bd6 21. Bf4
Re5 $5 {A totally unexpected exchange sacrifice a la Petrosian. Black would be
fine after the simple} (21... Qc7 {, and the couple d5-e4 is blocked.}) 22. Qg3
Qc7 23. h3 Bh5 24. Rab1 Bg6 25. Bxe5 {Otherwise White has nothing after, say,}
(25. Qf3 Ree8) 25... Bxe5 26. Qf3 Qa5 {Black has full compensation and more
easy play. But, on the other hand, she was in severe time trouble.} 27. Na4 (
27. Ne2 Qd2 28. Rfc1 c4) 27... Nh5 28. Rf2 Ng3+ 29. Kg1 Rb8 $6 {Now my play is
much easier.} ({Better was} 29... Rd8) 30. Rxb8+ Bxb8 31. Qc3 Qxc3 32. Nxc3 Be5
33. Ne2 Nxe4 34. Rf1 Kf8 {'time'} (34... Ng3 35. Nxg3 Bxc2 36. Re1 f6 37. Ne4
c4 {and 2 bishops are successfully fighting against rook and knight.}) 35. Nf4
({Objectively better was} 35. Rc1 Bd6 36. Bd3) 35... Bxf4 $2 {'time'} (35...
Bd4+ 36. Kh2 Be5 37. g3 Nxg3 38. Nxg6+ hxg6 39. Re1 Bd6 40. Kg2 Nf5 {would
keep good saving chances.}) 36. Rxf4 Nc3 37. Rc4 Nxd5 38. Bxg6 hxg6 39. Rxc5
Ne3 40. Ra5 1-0

[Event "SWE-ch"]
[Site "Orebro"]
[Date "2013.07.14"]
[Round "9"]
[White "Tikkanen, Hans"]
[Black "Lindberg, Bengt"]
[Result "1-0"]
[WhiteElo "2528"]
[BlackElo "2410"]
[Annotator "Ziegler,A"]
[PlyCount "93"]
[EventDate "2013.07.06"]
[EventType "tourn"]
[EventRounds "9"]
[EventCountry "SWE"]
[EventCategory "10"]
[SourceTitle "CBM 155 Extra"]
[Source "ChessBase"]
[SourceDate "2013.08.26"]
[SourceVersion "1"]
[SourceVersionDate "2013.08.26"]
[SourceQuality "1"]
[WhiteClock "0:17:54"]
[BlackClock "0:18:36"]

1. d4 Nf6 2. c4 e6 3. Nc3 Bb4 4. e3 O-O 5. Nge2 (5. Nf3 {Is of course better,
but when you play tournaments the practical view is more valuable than pure
the academic.}) 5... d5 6. a3 Be7 7. cxd5 exd5 8. Nf4 {Black has some
different ways to handle the position. When the knight goes to g3 it is far
away from the centre, then Black's best choice is often ...c5!} (8. b4 {
Is the classical move.}) 8... c6 9. Bd3 {Black is balancing between maximum
flexibility and reaction.} Re8 ({Is} 9... Nbd7 {somewhat more flexible?}) 10.
O-O Bd6 ({more stable is} 10... Nbd7 11. f3 Nf8 12. b4 Ng6 {with equal play.})
({Surprisingly the logical} 10... a5 {don't score well.}) 11. f3 Bxf4 12. exf4
{[#] There are many positions nowadays with double pawns for the bishop pair.
One could argue that White is risking very little here. OK, his structure is
weakened but the the pair of bishops will compensate it without to much
problems.} b6 {A very ambitious move. Black wants to trade the light coloured
bishops leaving White with the guy on c1, which might have some problems
finding good targets.} 13. b4 (13. f5 Ba6 14. Bxa6 Nxa6 15. Qd3 Nc7 16. Bf4 $14
) 13... Ba6 14. b5 cxb5 15. f5 {[#] A new inspiering approach to the position.
White is arguing that Black can not seriously try to hold the b5-pawn, giving
White carte blanche on the King's wing.} Nc6 16. a4 (16. Nxb5) 16... Bc8 17.
axb5 Nxd4 18. g4 {So, the knight is trapped! We started out fairly classical,
but now the players are completely on their own.} Qc7 19. Bd2 Bd7 (19... Bb7 {
is better for Black according to Houdini 3. Maybe it is because the knight on
d4 is trapped and must sooner or later sacrifice it self on f3, and with a
bishop on b7 Black will have some serious business a long the diagonal.}) 20.
Kg2 Qc5 (20... h5 {in order to save the knight on d4 might have been the last
resort for not coming worse.}) 21. Qb1 h6 22. Qb2 {Ra4 and Qb4 is coming.} Nxf3
23. Rxf3 Nxg4 (23... d4 24. Ne2 Nxg4) 24. Ne2 $6 (24. Na4 $1 Qd6 25. Rg3 h5 26.
Qd4 {And thanks to White centralised pieces he is clearly better.}) 24... Ne3+
(24... Ne5 25. Rg3 f6 26. Bxh6 Kh7 $1 27. Qd2 gxh6 28. Ra4 Nc4 29. Bxc4 dxc4
30. Qxd7+ Re7 31. Qd2 Rd8 32. Qc2 {was difficult to access. How much is
Black's counterplay worth?}) 25. Bxe3 {White heads for a technical position
which looks winning or at least big practical winning chances.} (25. Kh1 $5)
25... Rxe3 26. Rc1 Qe7 27. Rxe3 Qxe3 28. Qd4 Re8 29. Qxe3 Rxe3 30. Rc7 Be8 (
30... Rxd3 31. Rxd7 Ra3 {With the idea, exchanging of one or two of the pawns
don't seems to work due to:} 32. Rd8+ $1 Kh7 33. Rxd5 g5 (33... a6 34. Rd7 Kg8
35. Ra7 $1) 34. fxg6+ fxg6 35. Rd7+ Kh8 36. Nd4) 31. Nf4 {[#] White is winning.
} g5 32. fxg6 fxg6 33. Kf2 d4 34. Bc4+ Kh8 35. Rc8 Kh7 36. Rc7+ Kh8 37. Ne6 Rc3
38. Nxd4 Bf7 39. Rxf7 Rxc4 40. Ke3 Ra4 41. Rb7 g5 42. Ke4 a6 43. Ke5 axb5 44.
Ne6 g4 45. Rb8+ Kh7 46. Kf6 g3 47. Nf8+ 1-0